000 01102nam a2200301 a 4500
001 000113590
003 CHAP
005 20220329144403.0
008 170807s2017 mx a fsm |||||||spa d
010 _a110051
011 _a111023
040 _cCHAP
090 _aTesis
100 1 _aPadilla Vasquez, Rigoberto Nikel
_9133025
245 1 0 _aEvaluación financiera de una plantación de árboles de navidad en Oaxaca /
_h[En línea]
_cpor Rigoberto Nikel Padilla Vasquez.
260 _aChapingo, Méx. :
_bEl autor,
_c2017.
500 _aPara ver el contenido del material haga clic en la liga
502 _aTesis (Ing. Forestal) -- UACH. División de Ciencias Forestales
590 _aBATCH-UPD
_b05
_c20170807
_lUCH01
_h1439
590 _aE6096MTM
_b05
_c20170807
_lUCH01
_h1438
590 _aE6096MTM
_b05
_c20170807
_lUCH01
_h1445
650 1 4 _aArboles de navidad
_xCostos de producción.
_9133026
650 1 4 _aÁrboles de navidad
_xProducción
_zOaxaca.
_9132469
856 _aFinding aid
_uhttp://10.13.5.2/tesis/sist113590.pdf
_zTeclea aquí
901 _aBK
942 _cTESIS
942 _n0
999 _c110051
_d110051